1484 1639 1079 1822 1771 1723 1552 1865 1268 1055 1264 1522 1459 1147 1801 1239 1244 1272 1680 1629 1239 1118 1523 1667 1054 1421 1841 1651 1719 1599 1100 1806 1717 1668 1170 1847 1648 1201 1949 1964 1592 1321 1327 1732 1771 1566 1168 1215 1448 1281 1180 1029 1093 2000 1100 1045 1347 1124 1339 1720 1187 1981 1657 1241 1078 1725 1651 1087 1986 1787 1049 1777 1199 1069 1758 1649 1075 1301 1825 1839 1064 1162 1317 1460 1336 1387 1079 1782 1065 1819 1641 1770 1096 1450 1613 1825 1851 1393 1236 BCNSPRNW ULIB Ver.6.0+V

เปลี่ยนเป็นภาษาไทย

Change to English
 แสดงรายละเอียดบรรณานุกรม
  กลับหน้าหลัก

Brief Record : Get Marc (ISO 2709) : E-mail record : QR code < ปิดหน้าต่าง
LEADER : 00000nam 2200000uu 4500
001    13399113068
003     ULIB
008    110923s2546||||th 000 0 tha d
020    9749007336
041 1  tha^heng
050 04 PE1130^bK111ว 2546
100 0  เคลลี, เจอรัลด์
245 10 วิธีสอนการออกเสียง = How to teach pronunciation /^cGerald Kelly, เขียน ; Jeremy Harmer, บรรณาธิการชุดภาษาอังกฤษ ;รัชนีโรจน์ กุลธำรง, แปลและเรียบเรียง ; พงษ์ศรี เลขะวัฒนะ, บรรณาธิการชุดภาษาไทย
250    พิมพ์ครั้งที่ 1
260    กรุงเทพฯ :^bบริษัท เพียร์สัน เอ็ดดูเคชั่น อินโดไชน่า,^c2546
300    viii, 191 หน้า :^bภาพประกอบ ;^c25 ซม. +^eซีดี-รอม 1 แผ่น (4 3/4 นิ้ว)
650  7 ภาษาอังกฤษ^xการออกเสียง^xการศึกษาและการสอน
650  7 ภาษาอังกฤษ^xสัทศาสตร์
700 0  รัชนีโรจน์ กุลธำรง
700 12 Kelly, Gerald.^tHow to teach pronunciation
945    ^p392^l0^i021682
945    ^p392^l0^i021683
995    ทศพร
999 ^a ศิริพร
รายการนี้ยังไม่มีแท็ก
คุณยังไม่ได้ล็อกอิน คุณสามารถมีกิจกรรมร่วมกับเว็บไซต์ได้ แต่ต้องล็อกอินก่อน ::
  ล็อกอิน

รายการสื่อสารสนเทศ

ลำดับที่ ประเภท เลขเรียก/บาร์โค้ด สถานที่ สถานะ
- ไม่พบข้อมูล -

รายการใกล้เคียง
    ผู้แต่ง [เคลลี, เจอรัลด์]

BibComment


ยังไม่เคยถูกคอมเมนท์

คอมเมนท์ทรัพยากรรายการนี้
  คอมเมนท์: วิธีสอนการออกเสีย..


 Copyright 2026. Bcnsprnw @Library